00441 2200181 4500001002100000005001500021008004100036020001800077035001900095041000700114082001000121090001600131100001700147245002000164260003700184300001800221650002000239INLIS00000000001541620241224114929241224||||||||| | ||| |||| || |  a979-752-604-6 0010-1224015416 aid0 a612.8 a612.8 REN t0 aRenny Yuniar00aTelingaku Sehat aBandungbMizan Media Utamac2008 a33hlm;20x20cm 0aIlmu Kedokteran